|
|
|
|
| LEADER |
01007nam a2200253 a 4500 |
| 001 |
04b26955519 |
| 008 |
100517r20112006enka b 001 0 eng d |
| 020 |
|
|
|a 9780194422246 (pbk.)
|
| 040 |
|
|
|a StDuBDS
|c StDuBDS
|d BD-DhAAL
|
| 082 |
0 |
4 |
|a 401.93
|2 22
|
| 100 |
1 |
|
|a Lightbown, Patsy M.
|
| 245 |
0 |
0 |
|a How languages are learned /
|c Patsy M. Lightbown and Nina Spada.
|
| 250 |
|
|
|a 3rd ed.
|
| 260 |
|
|
|a Oxford :
|b Oxford University Press,
|c 2006 [Reprinted 2011]
|
| 300 |
|
|
|a xviii, 233 p. :
|c ill, ;
|c 24 cm.
|
| 490 |
0 |
|
|a Oxford handbooks for language teachers
|
| 504 |
|
|
|a Includes bibliography (p. [207]-227) and index.
|
| 541 |
1 |
|
|e 00020247
|
| 650 |
|
0 |
|a Language acquisition.
|
| 650 |
|
0 |
|a Language and languages
|x Study and teaching.
|
| 700 |
1 |
|
|a Spada, Nina.
|
| 852 |
4 |
|
|a Ayesha Abed Library
|j General shelf
|
| 999 |
|
|
|c 8609
|d 8609
|
| 952 |
|
|
|0 0
|1 0
|2 ddc
|4 0
|6 401_930000000000000_LIG_2011
|7 0
|9 10264
|a BRACUL
|b BRACUL
|c GEN
|d 2010-05-17
|l 21
|m 77
|o 401.93 LIG
|p 3010020247
|r 2026-01-15
|s 2025-10-13
|t 1
|w 2010-05-17
|y BK
|